Directory of Indian Publishers and Distributors 1997-98 (Record no. 12772)

MARC details
000 -LEADER
fixed length control field 00614nam a2200229 a 4500
020 ## - INTERNATIONAL STANDARD BOOK NUMBER
ISBN 8185131
082 00 - DEWEY DECIMAL CLASSIFICATION NUMBER
Classification number 025.070
Author Cutter IND
245 ## - TITLE STATEMENT
Title Directory of Indian Publishers and Distributors 1997-98
260 ## - PUBLICATION, DISTRIBUTION, ETC. (IMPRINT)
Place of publication Varanasi
Name of publisher Indian Bibliographic Centre
Year of publication 1997
300 ## - PHYSICAL DESCRIPTION
Number of Pages 462p
500 ## - GENERAL NOTE
General note includes index and biblioraphy
505 2# - FORMATTED CONTENTS NOTE
Formatted contents note Index
650 ## - SUBJECT ADDED ENTRY--TOPICAL TERM
Topical Term Directory-Publishers
942 ## - ADDED ENTRY ELEMENTS (KOHA)
Koha item type Books
Holdings
Collection code Home library Current library Date acquired Cost, normal purchase price Full call number Accession Number Koha item type
  Henry Martyn Institute Library Henry Martyn Institute Library 07/31/2007 450.00 025.070 IND 018128 Books
                   Copyright © 2026 | Henry Martyn Institute | Hyderabad | TS-500052 | INDIA | Implemented by hmi.edu.in
Hit-Count:

Powered by Koha